1534 1448 1554 1479 1348 1506 1092 1773 1930 1955 1789 1384 1717 1344 1088 1766 1875 1646 1428 1798 1692 1895 1075 1902 1756 1598 1192 1032 1800 1280 1632 1511 1259 1936 1281 1464 1037 1758 1025 1118 1516 1326 1698 1617 1735 1386 1944 1874 1053 1891 1542 1308 1713 1693 1725 1519 1527 1949 1203 1723 1463 1305 1005 1610 1987 1394 1855 1108 1768 1305 1613 1733 1670 1365 1248 1811 1197 1118 1294 1262 1228 1810 1358 1652 1720 1618 1781 1473 1033 1323 1926 1993 1250 1325 1839 1825 1243 1151 1553 BCNSPRNW ULIB Ver.6.0+V

เปลี่ยนเป็นภาษาไทย

Change to English
 แสดงรายละเอียดบรรณานุกรม
  กลับหน้าหลัก

Brief Record : Get Marc (ISO 2709) : E-mail record : QR code < ปิดหน้าต่าง
LEADER : 00000nam 2200000uu 4500
001    13399128030
003     ULIB
008    220111s2563||||th 000 0 tha d
020 ^a ^a9786165471084
050 4  ^aPE1130.T5^bส779ท
100 0  ^aสุทิน พูลสวัสดิ์
245 10 ^aTOEFL ITP /^cสุทิน พูลสวัสดิ์
260 ^a ^aกรุงเทพฯ :^bศูนย์หนังสือ ที.จี.อาร์.อี,^c2563.
300 ^a ^a296 หน้า :^bภาพประกอบ
650 4  ^aโทเฟล^xคู่มือ
650  ^ aภาษาอังกฤษ^xการสอบ
650  ^ aภาษาอังกฤษ^xข้อสอบและเฉลย
945    ^p395^l0^i29176
999    ^aกัณชพร จุลอักษร
รายการนี้ยังไม่มีแท็ก
คุณยังไม่ได้ล็อกอิน คุณสามารถมีกิจกรรมร่วมกับเว็บไซต์ได้ แต่ต้องล็อกอินก่อน ::
  ล็อกอิน

รายการสื่อสารสนเทศ

ลำดับที่ ประเภท เลขเรียก/บาร์โค้ด สถานที่ สถานะ
1. วิทยาศาสตร์การแพทย์ และสุขภาพ
วิทยาศาสตร์การแพทย์ และสุขภาพ
PE1130.T5 ส779ท ฉ.1 
  Barcode: 29176
ห้องสมุดวิทยาเขตนครสวรรค์
►หนังสือทั่วไป:l:General Books
บนชั้น

รายการใกล้เคียง
    ผู้แต่ง [สุทิน พูลสวัสดิ์]

BibComment


ยังไม่เคยถูกคอมเมนท์

คอมเมนท์ทรัพยากรรายการนี้
  คอมเมนท์: TOEFL ITP สุทิน..


 Copyright 2026. Bcnsprnw @Library